| 000 | 00359nam a2200145Ia 4500 | ||
|---|---|---|---|
| 008 | 230312s9999||||xx |||||||||||||| ||und|| | ||
| 020 | _a1-84205-587-9 | ||
| 082 |
_a425 _bWEB-S |
||
| 245 | 0 | _aWebster's Universal Spelling, Grammar & Usage | |
| 260 |
_bGeddes & Grosset _aMumbai _c2004 |
||
| 300 | _a319 | ||
| 546 | _aEng. | ||
| 650 | _aDictionary | ||
| 942 | _cBK | ||
| 999 |
_c4498 _d4498 |
||